书目信息 |
| 题名: |
政治经济学教科书
|
|
| 作者: | 张维达 主编 | |
| 分册: | ||
| 出版信息: | 长春 吉林人民出版社 1981.8 |
|
| 页数: | 367页 | |
| 开本: | 20cm | |
| 丛书名: | ||
| 单 册: | ||
| 中图分类: | F03 | |
| 科图分类: | ||
| 主题词: | 资本主义社会--生产方式 | |
| 电子资源: | ||
| ISBN: | ||
| 000 | 00687nam0 2200229 45 | |
| 001 | 0211061405 | |
| 005 | 20070731092120.82 | |
| 010 | @dCNY1.25 | |
| 091 | @a4091.165 | |
| 100 | @a20021106d1981 km y0chiy0120 ea | |
| 101 | 0 | @achi |
| 105 | @ak z 000yy | |
| 200 | 1 | @a政治经济学教科书@AZheng Zhi Jing Ji Xue Jiao Ke Shu@e资本主义部分@EZi Ben Zhu Yi Bu Fen@f张维达主编@FZhang Wei Da Zhu Bian |
| 210 | @a长春@c吉林人民出版社@d1981.8 | |
| 215 | @a367页@d20cm | |
| 300 | @a高等院校试用教材 | |
| 517 | @a资本主义部分@AZi Ben Zhu Yi Bu Fen | |
| 606 | 0 | @a资本主义社会@x生产方式 |
| 690 | @aF03@v3 | |
| 701 | 0 | @a张维达@4主编 |
| 801 | @aCN@bTSTC@c20070731 | |
| 905 | @dF03@e13@f1@b67189 | |
| 政治经济学教科书:资本主义部分/张维达主编.-长春:吉林人民出版社,1981.8 |
| 367页;20cm |
| 高等院校试用教材 |
| ISBN :CNY1.25 |
| ● |
| 相关链接 |
|
|
|
|
正题名:政治经济学教科书
索取号:F03/13
 
预约/预借
| 序号 | 登录号 | 条形码 | 馆藏地/架位号 | 状态 | 备注 |
| 1 | 0067189 | 001265366 | 第一借阅区/ [索取号:F03/13] | 在馆 | |
| 2 | 0067190 | 001859199 | 密集书库/ [索取号:F03/13] | 在馆 | |
| 3 | 0087789 | 001270920 | 第一借阅区/ [索取号:F03/13] | 在馆 | |
| 4 | 0087791 | 001270939 | 第一样本阅览室/ [索取号:F03/13] | 在馆 | |
| 5 | 0786825 | 207868253 | 密集书库/ [索取号:F03/13] | 在馆 |